|
|
|
|
| LEADER |
00719nam a22002051a 4500 |
| 999 |
|
|
|c 35
|d 35
|
| 020 |
|
|
|a 8171102449
|
| 082 |
|
|
|a S 294.592 18
|b JOS/U
|
| 100 |
|
|
|a Joshi K L (ed.)
|
| 245 |
|
|
|a 112 Upanishads:
|b sanskrit text and english translation with an exhaustive introduction and index of verses (v.1)/
|c edited by Joshi K L
|
| 260 |
|
|
|a New Delhi:
|b Parimal,
|c 2004.
|
| 300 |
|
|
|a 556p.
|
| 650 |
|
|
|a Vedic Literature
|
| 650 |
|
|
|a Upanishad
|
| 650 |
|
|
|a Hinduism
|
| 650 |
|
|
|a Religion
|
| 700 |
|
|
|a Biman Basu
|
| 700 |
|
|
|a Bindia Trivedi (ed.)
|
| 942 |
|
|
|c REF
|
| 952 |
|
|
|0 0
|1 0
|4 0
|6 R_S_294_592000000000000_18_JOS_U
|7 0
|9 46
|a SSUS
|b SSUS
|d 2015-01-08
|g 750.00
|o R S 294.592 18 JOS/U
|p 049278
|r 2015-01-08
|v 0.00
|w 2015-01-08
|y REF
|